00484nam a2200193Ia 4500003000400000005001700004008004100021020001500062040000700077041001200084082001800096100001700114245004600131260003700177300001600214365001300230650003100243650001600274OSt20251013185635.0210423s2003 xx 000 0 und d a8170337585 cAL aEnglish a361.32 bUPAS aUpadhyay R K aSocial caseworkb: a therapeutic approach aLondonbRawat Publicationsc2003 avii,260bHB b550cINR aSocial Problems & Services aSocial Work